|
|
|
|
| LEADER |
00000ckm a2200000 a 4500 |
| 001 |
vtls001206518 |
| 003 |
SK-MaSNL |
| 005 |
20260331202817.0 |
| 007 |
kf co |
| 008 |
230718s1990 xo g 0kuslo |
| 015 |
|
|
|a SNBG1990
|
| 035 |
|
|
|a SNK000149588
|
| 035 |
|
|
|a 36E9032C-25FD-4BAD-A6B4-365C1464507B
|
| 035 |
|
|
|a urn:nbn:sk:snk-km00gij7
|
| 040 |
|
|
|a SNK
|b slo
|c SNK
|e AACR2
|
| 041 |
0 |
|
|a slo
|
| 043 |
|
|
|a e-xo---
|
| 044 |
|
|
|a xo
|c SK
|
| 072 |
|
7 |
|a 913
|x Regionálna geografia
|2 konspekt
|
| 080 |
|
|
|a 913(437.6)
|2 2011
|
| 080 |
|
|
|a 904(084.121)
|2 2011
|
| 080 |
|
|
|a (084.121)
|2 2011
|
| 080 |
|
|
|a 728.81
|2 2011
|
| 080 |
|
|
|a 726:27-523.42
|2 2011
|
| 080 |
|
|
|a 725.94
|2 2011
|
| 080 |
|
|
|a 725/726.012.28
|2 2011
|
| 080 |
|
|
|a 711.61
|2 2011
|
| 080 |
|
|
|a 625.712.4
|2 2011
|
| 080 |
|
|
|a 904:72
|2 2011
|
| 100 |
1 |
|
|a Slivka, Dušan,
|d 1944-
|4 pht
|9 249825
|
| 245 |
1 |
0 |
|a Kremnica
|h grafika
|b časť historického námestia : Červená veža : nová výstavba
|c foto: D. Slivka, J. Sekal ; grafický návrh: J. Malý
|
| 246 |
1 |
|
|i Názov na obrazovej časti:
|a Kremnica
|
| 260 |
|
|
|a Bratislava
|b ČSTK-Pressfoto
|c 1990
|e Skalica
|f Grafobal
|
| 300 |
|
|
|a 1 pohľadnica (4 čiastkové pohľady)
|b farebná
|c 15 x 11 cm
|
| 520 |
8 |
|
|a Zobrazenie: Štyri čiastkové pohľady, každý v bielom orámovaní, všetky spolu v striebornom orámovaní. V prvom pohľade je vľavo dole bielym písmom názov. Pohľad na námestie v Kremnici, vpravo v popredí vidno mariánsky stĺp na trávnatej ploche. Vľavo za radom poschodových budov vidno mestský hrad s Kostolom sv. Kataríny Alexandrijskej. Pohľad na hradby s vežou v pozadí. Vpravo od nich je na trávnatej ploche lavička a vpravo v popredí je prázdna cesta. Pohľad na trávnaté plochy, medzi nimi cesty, vpravo vp ozadí je vidno poschodové bytové domy. Vľavo v popredí zasahuje do záberu niekoľko konárov ihličnatého stromu. Pohľad na vstup do veže, vpravo sú za trávnatou plochou kríky
|
| 610 |
1 |
7 |
|a Kremnica (Slovensko : hrad)
|2 SNKKA
|9 160405
|
| 610 |
2 |
7 |
|a Kostol sv. Kataríny Alexandrijskej (Kremnica, Slovensko)
|2 SNKKA
|9 175712
|
| 650 |
0 |
7 |
|a námestia
|2 SNKPH
|9 26291
|
| 650 |
0 |
7 |
|a kostoly
|2 SNKPH
|9 3023
|
| 650 |
0 |
7 |
|a hrady
|2 SNKPH
|9 3039
|
| 650 |
0 |
7 |
|a mariánske stĺpy a piliere
|2 SNKPH
|9 1998
|
| 650 |
0 |
7 |
|a veže
|2 SNKPH
|9 30797
|
| 650 |
0 |
7 |
|a národné kultúrne pamiatky
|2 SNKPH
|9 31192
|
| 651 |
|
7 |
|a Kremnica (Slovensko)
|2 SNKPHgeo
|9 26188
|
| 655 |
|
7 |
|a pohľadnice kultúrnych pamiatok
|2 SNKPH
|9 70523
|
| 655 |
|
7 |
|a miestne pohľadnice
|2 SNKPH
|9 70510
|
| 700 |
1 |
|
|a Sekal, Josef,
|d 1936-
|4 pht
|9 83549
|
| 700 |
1 |
|
|a Malý, J.
|c (grafik)
|4 art
|9 290640
|
| 852 |
|
|
|a Slovenská národná knižnica
|
| 954 |
|
|
|a pohľadnice pôvodné (slovenské)
|2 lita
|
| 954 |
|
|
|a pohľadnice cudzojazyčné (svetové)
|2 lita
|
| 958 |
|
|
|a GBN
|
| 958 |
|
|
|a GC
|
| 958 |
|
|
|a OND
|
| 999 |
|
|
|c 1211684
|d 1213614
|
| 952 |
|
|
|a SNK
|b SNK
|y PREZ
|7 0
|p 17A1291796
|o snkSP 142322
|i snk2131/90
|0 0
|1 0
|4 0
|d 2021-05-27
|f 1
|l 0
|r 2026-02-24 23:15:27
|w 2026-02-24
|
| 952 |
|
|
|a SNK
|b SNK
|y PREZ
|7 0
|p 17A1291797
|o snkSP 142322 D1
|i snk2132/90
|0 0
|1 0
|4 0
|d 2021-05-27
|l 0
|r 2026-02-24 23:15:27
|w 2026-02-24
|